| 000 | 00546nam a2200181Ia 4500 | ||
|---|---|---|---|
| 005 | 20250515123506.0 | ||
| 008 | 240825s9999 xx 000 0 und d | ||
| 020 |
_a9789390529100 _qhbk |
||
| 041 | _aeng | ||
| 082 | _a343.07 AHM | ||
| 100 | _aKhan, Sarfaraz Ahmed | ||
| 245 | 0 |
_aConsumer Protection and Sustainable Consumption _c/ Sarfaraz Ahmed Khan & M. Rajanikanth |
|
| 250 | _a1st ed. | ||
| 260 | _cThomas Reuters, India, 2021. | ||
| 300 | _axxii; 391p. ; 22cm. | ||
| 650 | _aMilitary, tax, trade & industrial law | ||
| 942 | _cENGLISH | ||
| 999 |
_c543222 _d543222 |
||